[Event "AUTO-OPEN-345"]
[Site "http://www.queenalice.com/game.php?id=91947"]
[Date "2006.8.2"]
[Round "1"]
[White "pattmenezes"]
[Black "zevir"]
[Result "0-1"]
[WhiteElo "1103"]
[BlackElo "1658"]

1. e4 e5 2. Nf3 Nc6 3. Nc3 Nf6 4. Bc4 Bc5 5. Nxe5 Nxe5 6. Nb5 Nxc4 7. Qf3 O-O 8.
b3 Ne5 9. Qf5 Neg4 10. Qxc5 b6 11. Qf5 d5 12. exd5 Bxf5 13. d4 Qe8+ 14. Kf1
Qxb5+ 15. c4 Qe8 16. Bg5 Bd3+ 17. Kg1 Qe2 18. h3 Qxf2# 0-1

[Event "AUTO-OPEN-345"]
[Site "http://www.queenalice.com/game.php?id=91948"]
[Date "2006.8.2"]
[Round "1"]
[White "zevir"]
[Black "jajerduco"]
[Result "1-0"]
[WhiteElo "1642"]
[BlackElo "1437"]

1. e4 e6 2. d4 d5 3. Nc3 Nf6 4. Bd3 Bb4 5. e5 Nfd7 6. Nf3 O-O 7. O-O Nc6 8. Ng5
Nxd4 9. Bxh7+ Kh8 10. Qh5 g6 11. Bxg6+ 1-0

[Event "AUTO-OPEN-345"]
[Site "http://www.queenalice.com/game.php?id=91949"]
[Date "2006.8.2"]
[Round "1"]
[White "jajerduco"]
[Black "zevir"]
[Result "0-1"]
[WhiteElo "1528"]
[BlackElo "1660"]

1. e4 e5 2. Nc3 Nc6 3. f4 Nf6 4. d3 Bd6 5. f5 O-O 6. Bg5 Nd4 7. Nf3 c5 8. Nd5
Be7 9. Nxe5 Nxd5 10. Bxe7 Qxe7 11. Nc4 Nf4 12. c3 b5 13. cxd4 cxd4 14. Qb3 bxc4
15. Qxc4 d5 0-1

[Event "AUTO-ADV-221"]
[Site "http://www.queenalice.com/game.php?id=92166"]
[Date "2006.8.3"]
[Round "1"]
[White "Rafale2000"]
[Black "zevir"]
[Result "1-0"]
[WhiteElo "1964"]
[BlackElo "1673"]

1. e4 e6 2. d4 d5 3. Nc3 Nf6 4. Bg5 Be7 5. exd5 exd5 6. Nf3 O-O 7. Bd3 Bg4 8.
O-O Nc6 9. Be2 Ne4 10. Bxe7 Qxe7 11. Nxd5 Qd7 12. c4 Rfe8 13. Ne5 Nxe5 14. f3
Bf5 15. fxe4 Bxe4 16. dxe5 Rxe5 17. Nf6+ 1-0

[Event "AUTO-ADV-221"]
[Site "http://www.queenalice.com/game.php?id=92167"]
[Date "2006.8.3"]
[Round "1"]
[White "zevir"]
[Black "Rafale2000"]
[Result "0-1"]
[WhiteElo "1687"]
[BlackElo "1954"]

1. e4 Nf6 2. Nc3 d5 3. e5 d4 4. exf6 dxc3 5. fxg7 cxd2+ 6. Bxd2 Bxg7 7. c3 Nc6
8. Bc4 Ne5 9. b3 Nxc4 10. bxc4 Qd3 11. Qe2 Bf5 12. Qxd3 Bxd3 13. c5 O-O-O 14.
Nf3 Rd5 15. Be3 Bxc3+ 16. Nd2 Bxa1 0-1

[Event "AUTO-ADV-221"]
[Site "http://www.queenalice.com/game.php?id=92181"]
[Date "2006.8.3"]
[Round "1"]
[White "zevir"]
[Black "diegmr"]
[Result "0-1"]
[WhiteElo "1682"]
[BlackElo "1857"]

1. e4 e5 2. Nf3 Nc6 3. Nc3 Nf6 4. Bc4 Bc5 5. O-O d6 6. h3 Bd7 7. d3 O-O 8. Bg5
h6 9. Bh4 Ne7 10. Bxf6 gxf6 11. Nh4 Ng6 0-1

[Event "AUTO-ADV-221"]
[Site "http://www.queenalice.com/game.php?id=92190"]
[Date "2006.8.3"]
[Round "1"]
[White "zevir"]
[Black "adilson_camargo"]
[Result "1-0"]
[WhiteElo "1673"]
[BlackElo "1289"]

1. e4 e5 2. Nf3 d6 3. d4 exd4 4. Qxd4 Nc6 5. Qd1 Bg4 6. Nc3 Nf6 7. Bg5 Be7 8.
Be2 O-O 9. O-O Bxf3 10. Bxf3 Ne5 11. Be2 h6 12. Bxf6 Bxf6 13. Nd5 1-0

[Event "AUTO-ADV-221"]
[Site "http://www.queenalice.com/game.php?id=92191"]
[Date "2006.8.3"]
[Round "1"]
[White "adilson_camargo"]
[Black "zevir"]
[Result "0-1"]
[WhiteElo "1287"]
[BlackElo "1675"]

1. d4 d5 2. c4 e6 3. Nc3 Nf6 4. Bg5 Nc6 5. e3 Bb4 6. cxd5 exd5 7. Bb5 O-O 8.
Bxc6 Bxc3+ 9. bxc3 bxc6 10. Nf3 Bg4 11. h3 Bh5 12. O-O Qd6 13. Bf4 Qe6 0-1

[Event "AUTO-ADV-178"]
[Site "http://www.queenalice.com/game.php?id=104972"]
[Date "2006.9.12"]
[Round "2"]
[White "amed66"]
[Black "zevir"]
[Result "1-0"]
[WhiteElo "2046"]
[BlackElo "1681"]

1. e4 e5 2. Nf3 Nc6 3. Bc4 Bc5 4. c3 Nf6 5. d4 d5 6. exd5 Na5 7. Qa4+ c6 8. dxc6
Nxc6 9. dxc5 O-O 10. O-O e4 11. Nd4 Qc7 12. Nxc6 bxc6 13. h3 1-0

[Event "AUTO-ADV-178"]
[Site "http://www.queenalice.com/game.php?id=104973"]
[Date "2006.9.12"]
[Round "2"]
[White "zevir"]
[Black "amed66"]
[Result "0-1"]
[WhiteElo "1679"]
[BlackElo "2048"]

1. e4 e5 2. Nf3 Nc6 3. Nc3 Bc5 4. Bb5 Nge7 5. O-O f6 6. d3 a6 7. Bxc6 Nxc6 8. a3
O-O 9. b4 Ba7 10. Nd5 d6 11. Be3 Bxe3 0-1

[Event "tupiniquim    "]
[Site "http://www.queenalice.com/game.php?id=113613"]
[Date "2006.10.5"]
[Round "-"]
[White "val_si"]
[Black "zevir"]
[Result "1-0"]
[WhiteElo "1526"]
[BlackElo "1704"]

1. e4 e5 2. Nf3 Nc6 3. Bb5 a6 4. Bxc6 dxc6 5. h3 Nf6 6. Qe2 Bb4 7. Nxe5 O-O 8.
c3 Bd6 9. Nc4 b5 10. Nxd6 Qxd6 11. d3 c5 12. e5 1-0

[Event "AUTO-OPEN-345"]
[Site "http://www.queenalice.com/game.php?id=178734"]
[Date "2007.3.8"]
[Round "2"]
[White "rubenov"]
[Black "zevir"]
[Result "1-0"]
[WhiteElo "1896"]
[BlackElo "1681"]

1. d4 d5 2. Bg5 Nf6 3. Nc3 Bf5 4. e3 Nc6 5. a3 Bg4 6. Nf3 Bxf3 7. Qxf3 e6 8. Bb5
a6 9. Bxc6+ bxc6 10. O-O c5 11. Bxf6 1-0

[Event "AUTO-OPEN-345"]
[Site "http://www.queenalice.com/game.php?id=178735"]
[Date "2007.3.8"]
[Round "2"]
[White "zevir"]
[Black "rubenov"]
[Result "0-1"]
[WhiteElo "1674"]
[BlackElo "1903"]

1. e4 d5 2. d3 dxe4 3. dxe4 Qxd1+ 4. Kxd1 Nf6 5. Nc3 a6 6. Nf3 Bg4 7. h3 Bxf3+
8. gxf3 Nc6 9. Nd5 Nxd5 10. exd5 Ne5 11. Be2 O-O-O 0-1